00501nam a2200157 a 4500008004100000050001200041110004100053245008900094260002300183300001500206350000900221490003300230650001400263650004400277650002200321100212s1993 ||||||||||||||||| || u aEIU(08) aThe Economist Intelligence Unit(EIU)10aZambia, Zaire country report: analysis of economic and political trends every quater aLondon:bEIUc1993 a34p.: ill. a0.00 aZambia, Zaire country report 0aECONOMICS aECONOMIC ANALYSIS--DEVELOPING COUNTRIES aPOLITICAL ASPECTS